phrases entrainement 1 LAVA - Statistiques

Statistiques générales
  • Ce quiz a été pris 83 fois
  • Le résultat moyen est 12 sur 15
Statistiques - réponses
Question Réponse % Correct
Est-ce que je peux avoir un câlin s’il-te-plaît ? Can I have a hug please ?
93%
Je me sens seul/e I feel alone.
93%
Je suis heureux/se tous les jours. I am happy every day.
90%
Je t’envoie des fleurs I send you flowers.
87%
Je vois la terre, le ciel et la mer I see the earth, the sky and the sea.
85%
Je suis ici avec toi I am here with you.
83%
J’ai un rêve j’espère qu’il se réalisera I have a dream I hope will come true.
82%
Je t’aime ! Moi aussi ! I love you ! Me too.
82%
Ils sont en-dessous du ciel They are under the sky.
82%
J’ai des rêves. I have dreams.
80%
Elle est au milieu de la mer She is in the middle of the sea.
80%
Il y a des volcans sur la terre There are volcanos on the earth.
73%
Il y a un couple ici. There is a couple here.
73%
Il y a deux volcans très mignons. There are two very cute volcanos.
67%
Je suis un enfant I am a child.
65%
Aucun quiz correspondant
Distribution des résultats
% des personnes avec chaque résultat
Percentile par nombre de réponses
Votre historique - résultats
Vous n’avez pas pris ce quiz